জৈব রসায়ন / (Record no. 2802)
[ view plain ]
| 000 -LEADER | |
|---|---|
| fixed length control field | 00793nam a22002057a 4500 |
| 001 - CONTROL NUMBER | |
| control field | BD-DhSAU 2802 |
| 003 - CONTROL NUMBER IDENTIFIER | |
| control field | BD-DhSAU |
| 005 - DATE AND TIME OF LATEST TRANSACTION | |
| control field | 20150202145922.0 |
| 008 - FIXED-LENGTH DATA ELEMENTS--GENERAL INFORMATION | |
| fixed length control field | 150202b1981 a||||r|||| 000 0 d |
| 040 ## - CATALOGING SOURCE | |
| Original cataloging agency | BD-DhSAU |
| 082 ## - DEWEY DECIMAL CLASSIFICATION NUMBER | |
| Edition number | 22 |
| Classification number | ৫৪৭ |
| Item number | বন্দ্যোজৈ |
| 100 ## - MAIN ENTRY--PERSONAL NAME | |
| Personal name | বন্দ্যোপাধ্যায়, শিবপ্রসাদ |
| 245 ## - TITLE STATEMENT | |
| Title | জৈব রসায়ন / |
| Statement of responsibility, etc. | শিবপ্রসাদ বন্দ্যোপাধ্যায় |
| 260 ## - PUBLICATION, DISTRIBUTION, ETC. (IMPRINT) | |
| Place of publication, distribution, etc. | কলিকাতা : |
| Name of publisher, distributor, etc. | দি নিউ বুক স্টল , |
| Date of publication, distribution, etc. | ১৯৮১. |
| 300 ## - PHYSICAL DESCRIPTION | |
| Extent | iv, ১৮২ পৃ. : |
| Other physical details | চিত্র ; |
| Dimensions | ২১ সেমি। |
| 590 ## - Name of Cataloguer | |
| Name of Cataloger | joy |
| 650 ## - SUBJECT ADDED ENTRY--TOPICAL TERM | |
| Topical term or geographic name as entry element | রসায়ন। |
| 650 ## - SUBJECT ADDED ENTRY--TOPICAL TERM | |
| Topical term or geographic name as entry element | Chemistry. |
| 650 ## - SUBJECT ADDED ENTRY--TOPICAL TERM | |
| Topical term or geographic name as entry element | জৈব রসায়ন। |
| 942 ## - ADDED ENTRY ELEMENTS (KOHA) | |
| Source of classification or shelving scheme | Dewey Decimal Classification |
| Koha item type | Book |
| Withdrawn status | Lost status | Source of classification or shelving scheme | Damaged status | Not for loan | Home library | Branch Name | Shelving location | Date acquired | Total Checkouts | Full call number | Barcode | Date last seen | Price effective from | Koha item type | Collection code |
|---|---|---|---|---|---|---|---|---|---|---|---|---|---|---|---|
| Dewey Decimal Classification | SAU Library | SAU Library | General Stacks | 07/04/1985 | ৫৪৭ বন্দ্যোজৈ | 9582 | 02/02/2015 | 02/02/2015 | Book | ||||||
| Dewey Decimal Classification | SAU Library | SAU Library | General Stacks | 08/04/1985 | ৫৪৭ বন্দ্যোজৈ | 9579 | 17/02/2015 | 17/02/2015 | Book | ||||||
| Dewey Decimal Classification | SAU Library | SAU Library | General Stacks | 08/04/1985 | ৫৪৭ বন্দ্যোজৈ | 9577 | 17/02/2015 | 17/02/2015 | Book | ||||||
| Dewey Decimal Classification | SAU Library | SAU Library | General Stacks | 07/04/1985 | ৫৪৭ বন্দ্যোজৈ | 9583 | 22/02/2015 | 22/02/2015 | Book | ||||||
| Dewey Decimal Classification | SAU Library | SAU Library | General Stacks | 08/04/1985 | ৫৪৭ বন্দ্যোজৈ | 9581 | 22/02/2015 | 22/02/2015 | Book | ||||||
| Dewey Decimal Classification | SAU Library | SAU Library | General Stacks | 08/04/1985 | ৫৪৭ বন্দ্যোজৈ | 9580 | 22/02/2015 | 22/02/2015 | Book | ||||||
| Dewey Decimal Classification | SAU Library | SAU Library | General Stacks | 08/04/1985 | ৫৪৭ বন্দ্যোজৈ | 9578(S) | 23/02/2015 | 23/02/2015 | Book | ||||||
| Dewey Decimal Classification | Not For Loan | SAU Library | SAU Library | Reference | 07/04/1985 | ৫৪৭ বন্দ্যোজৈ | 9576 | 10/05/2015 | 10/05/2015 | Book | Reference |
